Bienvenue à la Médiathèque de Saint-Andiol
banniere
Accueil Recherche avancée Mon compte
handi1 Rechercher dans le catalogue

Filtre   Mots-clés
  Recherche avancée
 
Lister les dernières nouveautés
 
Lister les livres GROS CARACTERES
 
Lister les périodiques (magazines)

handi1 mystérieuse disparition (La)

Book Cover
Auteur principal : Gijé
Autres auteurs : Carbone
Titre : mystérieuse disparition (La)
Support : Livres
Langue : Francais
Publié : DL 2020 Dupuis Paris
Series : La boîte à musique
Genre : Bande Dessinée (enfants)
Collection : La boîte à musique
Sujets :
Étiquettes :
Pas de tags
LEADER 01268nam0a2200229 450
001 16868340
010 |a 979-1-0347-4787-0  |b rel.  |d 12,5 € 
100 |a 20260529d2026 u u0frey01 ba 
101 0 |a fre 
102 |a BE 
200 0 |a mystérieuse disparition (La)  |f dessin et couleurs, Gijé  |g scénario, Carbone 
207 1 |a   
210 |a Paris  |b 57, bd de La Villette  |c Dupuis  |d DL 2020 
215 |a 1 vol. (54 p.)  |c ill. en coul.  |d 30 cm 
225 1 |a La boîte à musique  |v 4 
330 |a Grâce à la visite surprise de Siloé et de ses frères dans l'Hexomonde, Nola a appris beaucoup de choses sur Pandorient et sa maman. Mais les questions sans réponse se multiplient avec la découverte d'une drôle de clé, que Nola a déjà vue dans le livre d'Annah. Que peut-elle bien ouvrir ? Pour le savoir, Nola retourne aussitôt à Pandorient. Mais rapidement, une disparition inquiétante mène Nola, Igor et Andréa dans une enquête, qui risque peut-être de bouleverser la vie de Pandorient... 
461 0 |t La boîte à musique  |v 4 
700 0 |a Gijé  |f 1988-....  |4 440 
702 0 |a Carbone  |f 1973-....  |4 70 
900 |a Bande Dessinée (enfants) 
901 |a Jeunesse 
995 |a Médiathèque  |c Médiathèque  |f 089021898  |h 089021898  |k BD BOI 4  |o p  |q j  |r az  |e Médiathèque